000 00483nam a22001577u 4500
008 130405s2006 xxu||||| |||| 00| 0 spa d
020 _a8484403440
041 _aspa
100 1 _aPrieto Ramiro, Rafael
_929668
245 0 0 _aCáritas Cuaresma y Pascua 2006
_b:Como quien alza a un niño (Os 11,4)
_cRafael Prieto Ramiro
260 _aMadrid:
_bCáritas Española,
_c2006
300 _a279 p.
_c;21 cm.
650 0 4 _aLiturgia
_xNavidad y adviento
_918909
942 _cBK
001 76797
999 _c255957
_d255957